| Tag |
First Indicator |
Second Indicator |
Subfields |
| LEADER |
00000cam a2200000 a 4500 |
| 001 |
in00000001199 |
| 007 |
he bmb024bbca |
| 008 |
980826s1996 dcua bb f000 0 eng d |
| 005 |
20230309222502.6 |
| 035 |
|
|
|a (OCoLC)39748818
|
| 035 |
|
|
|9 AHS9445AM
|
| 035 |
|
|
|a in00000001199
|
| 040 |
|
|
|d GPO
|d DLC
|d MvI
|d UtOrBLW
|
| 043 |
|
|
|a n-us---
|
| 049 |
|
|
|a UDOC
|
| 049 |
|
|
|a WWW
|
| 074 |
|
|
|a 0431-K (MF)
|
| 074 |
|
|
|a 0431-K (online)
|
| 086 |
0 |
|
|a EP 1.8:R 31/13
|
| 088 |
|
|
|a EPA 530-R-95-077
|
| 245 |
0 |
0 |
|a Full cost accounting resource guide /
|c U.S. Environmental Protection Agency.
|
| 264 |
|
1 |
|a [Washington, D.C.] :
|b U.S. Environmental Protection Agency, Solid Waste and Emergency Response,
|c [1996]
|
| 300 |
|
|
|a 20 pages :
|b illustrations ;
|c 28 cm.
|
| 336 |
|
|
|a text
|b txt
|2 rdacontent
|
| 337 |
|
|
|a microform
|b h
|2 rdamedia
|
| 338 |
|
|
|a microfiche
|b he
|2 rdacarrier
|
| 500 |
|
|
|a Cover title.
|
| 500 |
|
|
|a "August 1996."
|
| 500 |
|
|
|a Shipping list number: 98-0973-M.
|
| 504 |
|
|
|a Includes bibliographical references.
|
| 500 |
|
|
|a "EPA 530-R-95-077."
|
| 533 |
|
|
|a Microfiche.
|b [Washington, D.C.] :
|c Supt. of Docs., U.S. G.P.O.,
|d 1998
|e 1 microfiche : negative.
|7 s1998 dcun b
|
| 530 |
|
|
|a Also available via Internet from the EPA web site.
|
| 500 |
|
|
|a Microform.
|
| 650 |
|
0 |
|a Refuse and refuse disposal
|x Economic aspects
|z United States.
|
| 650 |
|
0 |
|a Sustainable development.
|
| 650 |
|
0 |
|a Cost accounting.
|
| 776 |
1 |
|
|c Original
|w (OCoLC)36236779
|
| 710 |
1 |
|
|a United States.
|b Environmental Protection Agency.
|b Office of Solid Waste and Emergency Response.
|
| 856 |
4 |
1 |
|u https://purl.fdlp.gov/GPO/LPS2253
|t 0
|
| 999 |
|
|
|a MARS
|
| 999 |
f |
f |
|i e389f29a-987c-326e-9956-e9dc28b8fb98
|s dccbdc49-001d-3622-8d29-0a47ef6e921c
|t 0
|
| 952 |
f |
f |
|p normal
|a Texas A&M University
|b College Station
|c Sterling C. Evans Library
|d Evans: US Documents Microfiche (3rd floor)
|t 0
|e EP 1.8:R 31/13
|h Superintendent of Documents classification
|i microform -- microfiche
|m A14838249106
|
| 952 |
f |
f |
|a Texas A&M University
|b College Station
|c Electronic Resources
|d Available Online
|t 0
|e EP 1.8:R 31/13
|h Superintendent of Documents classification
|
| 998 |
f |
f |
|a EP 1.8:R 31/13
|t 0
|l Evans: US Documents Microfiche (3rd floor)
|
| 998 |
f |
f |
|a EP 1.8:R 31/13
|t 0
|l Available Online
|